书目信息 |
| 题名: |
几何量精度设计与检测
|
|
| 作者: | 马海荣 主编 | |
| 分册: | ||
| 出版信息: | 北京 机械工业出版社 2004 |
|
| 页数: | 270页 | |
| 开本: | 26cm | |
| 丛书名: | ||
| 单 册: | ||
| 中图分类: | TG801 | |
| 科图分类: | ||
| 主题词: | 机械元件-几何量--精度--设计 , 机械元件-技术测量 , 技术测量-机械元件 , 几何量-机械元件--精度--设计 | |
| 电子资源: | ||
| ISBN: | 7-111-13280-7 | |
| 000 | 00716nam0 2200241 45 | |
| 001 | 0197105652 | |
| 005 | 20060930081927.09 | |
| 010 | @a7-111-13280-7@dCNY26.00 | |
| 100 | @a19970320d2004 y0chiy0120 ea | |
| 101 | 0 | @achi |
| 102 | @aCN@b110000 | |
| 105 | @ay z 000yy | |
| 200 | 10 | @a几何量精度设计与检测@Aji he liang jing du she ji yu jian ce@f马海荣主编@Fma hai rong zhu bian |
| 210 | @a北京@c机械工业出版社@d2004 | |
| 215 | @a270页@d26cm | |
| 606 | @a机械元件-几何量@x精度@x设计 | |
| 606 | @a机械元件-技术测量 | |
| 606 | @a技术测量-机械元件 | |
| 606 | @a几何量-机械元件@x精度@x设计 | |
| 690 | @aTG801@v3 | |
| 701 | 0 | @a马海荣@Ama hai rong@4主编 |
| 801 | 0 | @aCN@bTSSF@c20060930 |
| 905 | @a10447@dTG801@e14 | |
| 几何量精度设计与检测/马海荣主编.-北京:机械工业出版社,2004 |
| 270页;26cm |
| ISBN 7-111-13280-7:CNY26.00 |
| ● |
| 相关链接 |
|
|
|
|
正题名:几何量精度设计与检测
索取号:TG801/14
 
预约/预借
| 序号 | 登录号 | 条形码 | 馆藏地/架位号 | 状态 | 备注 |
| 1 | 0484221 | 204842215 | 密集书库/ [索取号:TG801/14] | 在馆 | |
| 2 | 0484222 | 204842224 | 密集书库/ [索取号:TG801/14] | 在馆 |